[Event "Tournoi Skype 018B"]
[Site "Skype"]
[Date "????.??.??"]
[Round "3.10"]
[White "Codina, Teresa"]
[Black "De Coninck, Philippe"]
[Result "1/2-1/2"]
[WhiteElo "1310"]
[BlackElo "1461"]
[PlyCount "84"]

1. e4 e5 2. Nf3 Nf6 3. Nxe5 d6 4. Nf3 Nxe4 5. d3 Nf6 6. Nc3 Be7 7. Bg5 O-O 8.
g3 Nc6 9. Bg2 h6 10. Bd2 Bg4 11. O-O Nd7 12. Qc1 Bxf3 13. Bxf3 Nde5 14. Bh1 Qd7
15. Re1 Nd4 16. Kf1 Qh3+ 17. Bg2 Qxh2 18. Ne2 Nef3 19. Nxd4 Qg1+ 20. Ke2 Nxe1
21. Bxb7 Rae8 22. Be3 Bg5 23. Qxe1 Qxe1+ 24. Kxe1 Bxe3 25. fxe3 Rxe3+ 26. Kf2
Rfe8 27. Be4 R3xe4 28. dxe4 Rxe4 29. Rd1 Rxd4 30. Rxd4 f5 31. Kf3 Kf7 32. Kf4
Ke6 33. c4 c5 34. Rxd6+ Kxd6 35. Kxf5 a5 36. b3 g5 37. a4 g4 38. Kxg4 Ke5 39.
Kf3 h5 40. Ke3 Kf5 41. Kf3 Ke5 42. Ke3 Kf5 1/2-1/2

[Event "Tournoi Skype 018B"]
[Site "Skype"]
[Date "????.??.??"]
[Round "3.11"]
[White "Vervoort, Jean-Louis"]
[Black "Dubois, Real"]
[Result "0-1"]
[WhiteElo "1273"]
[BlackElo "1409"]
[PlyCount "50"]

1. e4 e5 2. Nf3 d6 3. Bc4 Be7 4. Ng5 Bxg5 5. d3 Bxc1 6. Qxc1 Nf6 7. Nc3 O-O 8.
O-O a6 9. Nd5 Nc6 10. c3 b5 11. Bb3 Bb7 12. a3 Na5 13. Ba2 Nxd5 14. exd5 Bc8
15. b4 Nb7 16. Re1 Qf6 17. Re4 Bf5 18. Re3 a5 19. Rf3 g6 20. Qh6 Qg7 21. Qg5
Bd7 22. Re1 axb4 23. cxb4 Rxa3 24. Re2 e4 25. dxe4 Qa1+ 0-1

[Event "Tournoi Skype 018B"]
[Site "Skype"]
[Date "????.??.??"]
[Round "3.12"]
[White "Kruzeniski, Randy"]
[Black "Bustos, Ricardo"]
[Result "1-0"]
[WhiteElo "1409"]
[BlackElo "1240"]
[PlyCount "95"]

1. d4 Nf6 2. c4 e6 3. Nf3 c5 4. e3 Nc6 5. a3 b6 6. g3 Bb7 7. Bg2 Be7 8. Nc3 a6
9. O-O O-O 10. b3 Rc8 11. Bb2 cxd4 12. Nxd4 Nxd4 13. Bxb7 Rc7 14. Bxa6 Nc6 15.
Nb5 Nb8 16. Nxc7 Qxc7 17. Bb5 d6 18. Qf3 d5 19. Rac1 Qd6 20. Rfe1 Nbd7 21. cxd5
exd5 22. Bxd7 Qxd7 23. Bxf6 Bxf6 24. Rc2 d4 25. exd4 Qxd4 26. Rd1 Qe5 27. a4 h6
28. Qd5 Qe7 29. Qb5 Rd8 30. Rxd8+ Qxd8 31. Kg2 Qa8+ 32. Qc6 Qd8 33. Qc8 Qxc8
34. Rxc8+ Kh7 35. Rb8 Bd4 36. f3 f6 37. Rb7 Kg6 38. h3 f5 39. Rd7 Bc5 40. g4 f4
41. Rd5 Be3 42. Kf1 Kf6 43. Ke2 Ke6 44. Rd8 Bc5 45. Kd3 Ke7 46. Rd5 Ke6 47. Kc4
g5 48. a5 1-0

[Event "Tournoi Skype 018B"]
[Site "Skype"]
[Date "????.??.??"]
[Round "3.13"]
[White "Sommadossi, Roberto"]
[Black "Gieschen, Mike"]
[Result "1-0"]
[WhiteElo "1378"]
[BlackElo "1235"]
[PlyCount "31"]

1. e4 e5 2. Nf3 d6 3. Bc4 h6 4. O-O Nf6 5. Nc3 Bg4 6. h3 Bxf3 7. Qxf3 Nbd7 8.
Ne2 Be7 9. Ng3 c6 10. Nf5 Nb6 11. Bb3 Qd7 12. c3 O-O-O 13. Bxf7 d5 14. exd5
Nfxd5 15. Nxg7 Bf6 16. Be6 1-0

[Event "Tournoi Skype 018B"]
[Site "Skype"]
[Date "????.??.??"]
[Round "3.14"]
[White "Gerbaux, Regis"]
[Black "Khatanhar, Mohit"]
[Result "0-1"]
[WhiteElo "1268"]
[BlackElo "1368"]
[PlyCount "21"]

1. e4 d6 2. d4 Bd7 3. h3 Nf6 4. Nc3 e5 5. dxe5 dxe5 6. Nf3 Bd6 7. Bc4 Qe7 8. a3
a6 9. O-O O-O 10. Bg5 h6 11. Bd5 0-1

[Event "Tournoi Skype 018B"]
[Site "Skype"]
[Date "????.??.??"]
[Round "3.15"]
[White "Torres, Vicky"]
[Black "Delmonte, Davide"]
[Result "1-0"]
[WhiteElo "1365"]
[BlackElo "1233"]
[PlyCount "25"]

1. e4 e5 2. Nf3 Nc6 3. Bc4 Bc5 4. O-O Nf6 5. d3 Ng4 6. h3 Bxf2+ 7. Rxf2 Nxf2 8.
Kxf2 Qh4+ 9. Nxh4 O-O 10. Nf5 g6 11. Nh6+ Kh8 12. Qf3 Rd8 13. Qf6# 1-0

[Event "Tournoi Skype 018B"]
[Site "Skype"]
[Date "????.??.??"]
[Round "3.16"]
[White "Kruk, Clementine"]
[Black "Marino, Giuseppe"]
[Result "0-1"]
[WhiteElo "1264"]
[BlackElo "1353"]
[PlyCount "146"]

1. e4 e5 2. Nf3 d6 3. Bc4 Be7 4. Nc3 c6 5. d4 exd4 6. Qxd4 Nf6 7. e5 dxe5 8.
Qxd8+ Bxd8 9. Nxe5 O-O 10. Bf4 Bc7 11. O-O-O Bxe5 12. Bxe5 Nbd7 13. Bd6 Re8 14.
Rhe1 Rxe1 15. Rxe1 Nb6 16. Bb3 Bf5 17. Re7 Bg6 18. Rxb7 Re8 19. Rb8 Rxb8 20.
Bxb8 a6 21. f4 Nfd7 22. Bd6 Nf8 23. a4 a5 24. Bc7 Nbd7 25. Bxa5 Bf5 26. Bb4 Be6
27. Bxe6 Nxe6 28. f5 Nd4 29. g4 f6 30. a5 Nb8 31. Na4 Na6 32. Nc5 Nxb4 33. a6
Nxa6 34. Nxa6 Kf7 35. b4 g6 36. c3 Nb5 37. c4 Na7 38. Kc2 gxf5 39. gxf5 Ke7 40.
c5 h5 41. h4 Kd7 42. Kb3 Kc8 43. Ka4 Kb7 44. Ka5 Nb5 45. Nb8 Kxb8 46. Kb6 Nd4
47. Ka6 Nxf5 48. b5 cxb5 49. Kxb5 Nxh4 50. Kb6 f5 51. c6 f4 52. c7+ Kc8 53. Kc6
f3 54. Kd6 f2 55. Ke5 f1=Q 56. Kd6 Qc1 57. Ke6 Kxc7 58. Ke5 Nf3+ 59. Ke4 Nd2+
60. Kd3 Kd6 61. Ke2 Kd5 62. Kd3 Qd1 63. Ke3 Ne4 64. Kf4 Ke6 65. Kxe4 Qd5+ 66.
Kf4 Kf6 67. Ke3 Ke5 68. Kf2 Qe4 69. Kg3 Kf5 70. Kf2 Kf4 71. Kf1 Kf3 72. Kg1 Qe2
73. Kh1 Qg2# 0-1

[Event "Tournoi Skype 018B"]
[Site "Skype"]
[Date "????.??.??"]
[Round "3.17"]
[White "Maccaferri, Massimo"]
[Black "Bhandari, Dattatrey"]
[Result "0-1"]
[WhiteElo "1350"]
[BlackElo "1218"]
[PlyCount "40"]

1. e4 e6 2. Nf3 d6 3. d4 a6 4. Bc4 h6 5. Be3 Nd7 6. g4 Be7 7. Qd2 g5 8. h4 Nb6
9. Bb3 gxh4 10. Nxh4 Bxh4 11. d5 e5 12. Nc3 Bxg4 13. Ne2 Bf3 14. O-O-O Bxh1 15.
Qe1 Bf3 16. Qg1 Bxe2 17. Re1 Bf3 18. Qg7 Bf6 19. Qg3 Bxe4 20. f3 Bxd5 0-1

[Event "Tournoi Skype 018B"]
[Site "Skype"]
[Date "????.??.??"]
[Round "3.18"]
[White "Battaglia, Gabriele"]
[Black "Bouffard, Georges"]
[Result "1-0"]
[WhiteElo "1326"]
[BlackElo "1183"]
[PlyCount "95"]

1. e4 d6 2. Bc4 Be6 3. Bxe6 fxe6 4. d4 Nf6 5. Nd2 e5 6. d5 c6 7. c4 a6 8. Ngf3
h6 9. O-O g6 10. Re1 Ng4 11. Nh4 Qd7 12. Nxg6 Rh7 13. Nxf8 Kxf8 14. Qf3+ Rf7
15. Qg3 h5 16. Qh4 Rg7 17. Qxh5 Nf6 18. Qh8+ Ng8 19. Nf3 Qe8 20. Bh6 Qg6 21.
Bxg7+ Qxg7 22. Qxg7+ Kxg7 23. Ng5 Nd7 24. Ne6+ Kf7 25. b3 Ngf6 26. Re3 Rg8 27.
Rae1 Ng4 28. Rf3+ Ndf6 29. Rg3 Nh6 30. Rxg8 Kxg8 31. f3 Nh5 32. g4 Nf4 33. Nxf4
exf4 34. e5 Nf7 35. exd6 exd6 36. dxc6 bxc6 37. Re4 d5 38. cxd5 cxd5 39. Rxf4
Ne5 40. Rf5 Nd3 41. Rxd5 Nf4 42. Rg5+ Kh7 43. Rf5 Ne2+ 44. Kf2 Nd4 45. Rf6 Kg7
46. Rxa6 Nb5 47. h4 Nc7 48. Ra7 1-0

[Event "Tournoi Skype 018B"]
[Site "Skype"]
[Date "????.??.??"]
[Round "3.19"]
[White "Moumtaz, Abderrahim"]
[Black "Vincent, Andre"]
[Result "0-1"]
[WhiteElo "1219"]
[BlackElo "1326"]
[PlyCount "124"]

1. d4 Nf6 2. c4 d5 3. cxd5 Nxd5 4. e4 Nb6 5. Nf3 Bg4 6. Nc3 e6 7. Be2 N8d7 8.
O-O Be7 9. Bf4 Bxf3 10. Bxf3 O-O 11. Nb5 e5 12. dxe5 Nb8 13. Qxd8 Bxd8 14. Rac1
Na6 15. a3 c6 16. Nd6 Bc7 17. Nxb7 Rab8 18. Na5 Nd7 19. Nxc6 Rxb2 20. Nxa7 Bxe5
21. Bxe5 Nxe5 22. Bh5 g6 23. Be2 Rxe2 24. Nc6 Rxe4 25. Nxe5 Rxe5 26. f4 Re2 27.
Rfe1 Rxe1+ 28. Rxe1 Rd8 29. Rc1 Kg7 30. Kf2 Rd5 31. Ke2 Ra5 32. Rc3 Nc5 33. Ke3
Na4 34. Rb3 Nc5 35. Rc3 Rb5 36. Kd4 Nb3+ 37. Kc4 Rc5+ 38. Kxb3 Rb5+ 39. Ka4 Rb7
40. Rb3 Ra7+ 41. Kb5 Rb7+ 42. Kc4 Rc7+ 43. Kd5 Kf8 44. Kd6 Ra7 45. g4 Kg7 46.
f5 Kf6 47. Kd5 Ra5+ 48. Kc4 Ra7 49. Rb6+ Kg5 50. fxg6 hxg6 51. h3 Rxa3 52. Rb4
Rxh3 53. Kd5 Rg3 54. Ke5 Rxg4 55. Rxg4+ Kxg4 56. Kf6 g5 57. Kxf7 Kf5 58. Kg7 g4
59. Kh6 g3 60. Kh5 g2 61. Kh4 g1=Q 62. Kh5 Qg5# 0-1

[Event "Tournoi Skype 018B"]
[Site "Skype"]
[Date "????.??.??"]
[Round "3.21"]
[White "Bacha, Mehdi"]
[Black "Farfallini, Michel"]
[Result "0-1"]
[WhiteElo "1000"]
[BlackElo "1323"]
[PlyCount "70"]

1. d4 d5 2. e3 Nf6 3. f4 Bf5 4. Bd3 Ne4 5. Nf3 e6 6. O-O c5 7. Nbd2 c4 8. Be2
Nf6 9. c3 Bd6 10. Ne5 O-O 11. a4 Ne4 12. Bf3 Nxd2 13. Bxd2 f6 14. Ng4 Bc7 15.
Bc1 Nc6 16. h3 Bg6 17. Bd2 e5 18. fxe5 fxe5 19. Nxe5 Nxe5 20. dxe5 Bxe5 21. Be1
Bf7 22. e4 d4 23. Bf2 d3 24. Bd4 Bxd4+ 25. cxd4 Qxd4+ 26. Rf2 Rac8 27. Rc1 Rc7
28. Kf1 Rfc8 29. Ke1 c3 30. g4 d2+ 31. Rxd2 cxd2+ 32. Qxd2 Rxc1+ 33. Bd1 Qg1+
34. Ke2 Bc4+ 35. Qd3 Bxd3+ 0-1

[Event "Tournoi Skype 018B"]
[Site "Skype"]
[Date "????.??.??"]
[Round "3.22"]
[White "Milanese, Serge"]
[Black "Lequeux, Pierre"]
[Result "1-0"]
[WhiteElo "1317"]
[BlackElo "1133"]
[PlyCount "43"]

1. d4 Nf6 2. c4 d5 3. Nc3 e6 4. a3 Bd7 5. e3 Bc6 6. Nf3 Ne4 7. Nxe4 dxe4 8. Ne5
Qe7 9. Nxc6 Nxc6 10. Bd2 Rd8 11. Bc3 Qd7 12. Qc2 f5 13. Be2 Qf7 14. c5 b6 15.
Bb5 e5 16. Bxc6+ Ke7 17. Bb4 exd4 18. cxb6+ Kf6 19. bxa7 Bxb4+ 20. axb4 Ra8 21.
Bxa8 Rxa8 22. Qc6+ 1-0

[Event "Tournoi Skype 018B"]
[Site "Skype"]
[Date "????.??.??"]
[Round "3.23"]
[White "Picard, Mario"]
[Black "Lecluyse, Koenraad"]
[Result "0-1"]
[WhiteElo "1271"]
[BlackElo "1265"]
[PlyCount "126"]

1. d4 d5 2. c4 e6 3. Nc3 c6 4. Nf3 Nf6 5. Bg5 Be7 6. e3 O-O 7. Bd3 Nbd7 8. O-O
Qb6 9. b3 Bb4 10. Qc2 Bxc3 11. Bxf6 Nxf6 12. Qxc3 Qc7 13. Qc2 g6 14. e4 Ng4 15.
h3 Nh6 16. cxd5 exd5 17. exd5 Re8 18. Rfe1 Rxe1+ 19. Rxe1 Bd7 20. Ne5 Re8 21.
Re3 Bf5 22. Bxf5 Nxf5 23. Re4 Rd8 24. dxc6 Rxd4 25. Rxd4 Nxd4 26. Qe4 Nxc6 27.
Ng4 Qd6 28. Qe8+ Kg7 29. Qe2 Nd4 30. Qb2 Kg8 31. Nh6+ Kg7 32. Ng4 Qf4 33. a4 b6
34. b4 Kg8 35. a5 b5 36. Nf6+ Qxf6 37. Qc3 Qd6 38. Qc8+ Kg7 39. Qc3 Qf6 40. Qe3
a6 41. Qe2 Nxe2+ 42. Kf1 Nf4 43. Kg1 Qa1+ 44. Kh2 Qb2 45. Kg3 Ne2+ 46. Kh2 Qxb4
47. g3 Qxa5 48. Kg2 Qe1 49. h4 Qg1+ 50. Kf3 Nd4+ 51. Ke3 Nf5+ 52. Kf3 Qd1+ 53.
Kf4 Qd2+ 54. Kf3 b4 55. Kg4 Nh6+ 56. Kf3 b3 57. g4 f6 58. Kg3 b2 59. f4 Qd3+
60. Kg2 Nxg4 61. Kg1 b1=Q+ 62. Kg2 Qb2+ 63. Kg1 Qd1# 0-1

[Event "Tournoi Skype 018B"]
[Site "Skype"]
[Date "????.??.??"]
[Round "3.24"]
[White "Talbot, Jean"]
[Black "Baker, Abi"]
[Result "*"]
[WhiteElo "1098"]
[BlackElo "1130"]
[PlyCount "37"]

1. e4 e6 2. d4 d5 3. e5 c5 4. c3 Nc6 5. Nf3 Be7 6. Bb5 Bd7 7. O-O c4 8. b3 Na5
9. Bxd7+ Qxd7 10. bxc4 Nxc4 11. Qb3 f6 12. exf6 Nxf6 13. Re1 O-O 14. Ng5 Ng4
15. Nxe6 Rxf2 16. Nf4 Bh4 17. Be3 Ncxe3 18. g3 Qe6 19. Nxe6 *

[Event "Tournoi Skype 018B"]
[Site "Skype"]
[Date "????.??.??"]
[Round "3.25"]
[White "Douichi, Mohammed"]
[Black "Guillaume, Mickael"]
[Result "0-1"]
[WhiteElo "1216"]
[BlackElo "1102"]
[PlyCount "96"]

1. e4 e6 2. Nf3 Nc6 3. e5 d6 4. Bb5 Bd7 5. Bxc6 Bxc6 6. d4 f6 7. exf6 gxf6 8.
Nh4 Bh6 9. Qh5+ Kd7 10. Bxh6 Nxh6 11. Qxh6 Qe7 12. O-O Rag8 13. Nc3 Rxg2+ 14.
Nxg2 Rg8 15. d5 exd5 16. Rfe1 Qf7 17. Qh3+ f5 18. f3 d4 19. Ne4 Qg6 20. Qxf5+
Qxf5 21. Ng3 Qxc2 22. Re2 Qg6 23. Nf4 Qg7 24. Nfh5 Qg5 25. Rg2 Qe3+ 26. Kf1
Qxf3+ 27. Rf2 Qd3+ 28. Re2 Rf8+ 29. Ke1 Bf3 30. Rd2 Qe3+ 31. Ne2 Bxh5 32. Rad1
c5 33. Rc1 d3 34. Rc3 Bxe2 35. Rdxd3 Qg1+ 36. Kxe2 Qf2+ 37. Kd1 a5 38. Rd2 Qf1+
39. Kc2 Qb5 40. Rb3 Qc4+ 41. Rc3 Qe4+ 42. Kb3 Qb4+ 43. Kc2 Qa4+ 44. Kd3 Rf3+
45. Ke2 Qe4+ 46. Re3 Rxe3+ 47. Kf2 Qf3+ 48. Kg1 Re1# 0-1

[Event "Tournoi Skype 018B"]
[Site "Skype"]
[Date "????.??.??"]
[Round "3.27"]
[White "Marty, Yvette"]
[Black "Amato, Ludovica"]
[Result "0-1"]
[WhiteElo "1000"]
[BlackElo "1192"]
[PlyCount "24"]

1. e4 e5 2. Nf3 Nc6 3. c3 Be7 4. d4 exd4 5. cxd4 d6 6. d5 Ne5 7. Bb5+ Bd7 8.
Bd3 Nf6 9. Nbd2 Nxd3+ 10. Ke2 Bb5 11. Nb1 Nxb2+ 12. Ke1 Nxd1 0-1

[Event "Tournoi Skype 018B"]
[Site "Skype"]
[Date "????.??.??"]
[Round "3.29"]
[White "Mimouni, Driss"]
[Black "Farthouat, Catherine"]
[Result "0-1"]
[WhiteElo "1000"]
[BlackElo "1150"]
[PlyCount "56"]

1. e4 g6 2. Nf3 Bg7 3. Bc4 Nf6 4. d3 d6 5. Ng5 O-O 6. Bxf7+ Kh8 7. Be6 h6 8.
Nf7+ Rxf7 9. Bxf7 e5 10. Qf3 Qe7 11. O-O Qxf7 12. Nd2 Nc6 13. Nc4 Nd4 14. Qe2
Nxe2+ 15. Kh1 Nxc1 16. Raxc1 b6 17. a4 Bb7 18. b4 a6 19. a5 b5 20. Nd2 d5 21.
Rce1 Rd8 22. exd5 Nxd5 23. c4 Nf4 24. Ne4 Nxd3 25. Rd1 Bxe4 26. f3 Nf2+ 27.
Rxf2 Rxd1+ 28. Rf1 Rxf1# 0-1

[Event "Tournoi Skype 018B"]
[Site "Skype"]
[Date "????.??.??"]
[Round "3.30"]
[White "Martin, Elise"]
[Black "Tu, Harrison"]
[Result "1-0"]
[WhiteElo "1107"]
[BlackElo "1000"]
[PlyCount "27"]

1. e4 e5 2. Nf3 Nf6 3. d3 Bc5 4. Nc3 O-O 5. Be3 Qe7 6. Ng5 Bb4 7. a3 Bxc3+ 8.
bxc3 c6 9. d4 exd4 10. cxd4 d5 11. e5 Nh5 12. Qxh5 h6 13. Bd3 hxg5 14. Qh7# 1-0

[Event "Tournoi Skype 018B"]
[Site "Skype"]
[Date "????.??.??"]
[Round "4.1"]
[White "Briere, Jean"]
[Black "Karia, Kirti"]
[Result "0-1"]
[WhiteElo "1556"]
[BlackElo "1387"]
[PlyCount "32"]

1. e4 e5 2. Nf3 Nc6 3. d4 exd4 4. Nxd4 Nf6 5. Bg5 Bc5 6. Nxc6 bxc6 7. Bc4 Bxf2+
8. Kxf2 Nxe4+ 9. Ke1 Qxg5 10. Qe2 Qc1+ 11. Qd1 Qxb2 12. Nd2 Qc3 13. Bxf7+ Kxf7
14. Qf3+ Qxf3 15. Nxf3 Re8 16. Kd1 Nf2+ 0-1

[Event "Tournoi Skype 018B"]
[Site "Skype"]
[Date "????.??.??"]
[Round "4.2"]
[White "Salazar Ticeran, Antonio"]
[Black "Sepulveda, Lyda Marcela"]
[Result "0-1"]
[WhiteElo "1526"]
[BlackElo "1375"]
[PlyCount "112"]

1. e4 e5 2. f4 exf4 3. Nf3 Nc6 4. Bc4 d6 5. d4 Bg4 6. Bxf4 Nf6 7. O-O Nxe4 8.
Re1 d5 9. Bxd5 Qxd5 10. Nc3 Qd7 11. Rxe4+ Be7 12. h3 Bxf3 13. Qxf3 O-O-O 14.
Rae1 Bf6 15. g4 Nxd4 16. Qd3 g5 17. Be3 h5 18. Rd1 Nf3+ 19. Kf2 Qxd3 20. Rxd3
hxg4 21. Rxd8+ Rxd8 22. hxg4 Nd2 23. Bxd2 Rxd2+ 24. Re2 Rxe2+ 25. Nxe2 Bxb2 26.
Ng3 Kd7 27. Ne4 f6 28. Nc5+ Kc6 29. Nd3 Ba1 30. Kf3 a5 31. Ke4 b5 32. Kf5 Kd5
33. Nf2 c5 34. Ne4 a4 35. Nxf6+ Bxf6 36. Kxf6 Kd6 37. Kxg5 Ke7 38. Kh6 Kf7 39.
g5 Kg8 40. Kg6 b4 41. Kf5 c4 42. Ke4 b3 43. cxb3 cxb3 44. axb3 a3 45. b4 a2 46.
Kd5 a1=Q 47. b5 Qc1 48. b6 Qc8 49. Kd6 Qb7 50. Kc5 Kg7 51. Kb5 Kg6 52. Kc5 Kxg5
53. Kb5 Kf6 54. Kc5 Ke5 55. Kb5 Kd5 56. Ka5 Kc5 0-1

[Event "Tournoi Skype 018B"]
[Site "Skype"]
[Date "????.??.??"]
[Round "4.3"]
[White "Sahrane, Juba"]
[Black "Sauvaget, Joel"]
[Result "0-1"]
[WhiteElo "1476"]
[BlackElo "1509"]
[PlyCount "66"]

1. e4 d6 2. d4 e6 3. Nf3 Nf6 4. Nc3 Be7 5. Bb5+ Bd7 6. Qe2 a6 7. Bxd7+ Nbxd7 8.
O-O O-O 9. Bf4 Re8 10. Rad1 Nh5 11. Bg3 Nxg3 12. fxg3 Nf6 13. e5 Nd5 14. Nxd5
exd5 15. e6 fxe6 16. Qxe6+ Kh8 17. Qxd5 c6 18. Qb3 b5 19. d5 c5 20. a3 Bf6 21.
Nd2 c4 22. Qb4 Qb6+ 23. Kh1 Rab8 24. Rfe1 Qd8 25. Rxe8+ Qxe8 26. Qxd6 Rd8 27.
Qc6 Qe2 28. Rf1 Qxd2 29. Kg1 Qxd5 30. Qxa6 Rf8 31. c3 Bd4+ 32. Rf2 Bxf2+ 33.
Kf1 Qd1# 0-1

[Event "Tournoi Skype 018B"]
[Site "Skype"]
[Date "????.??.??"]
[Round "4.4"]
[White "Galani, Mahendra"]
[Black "Hernandez, George"]
[Result "1-0"]
[WhiteElo "1419"]
[BlackElo "1440"]
[PlyCount "99"]

1. Nf3 Nf6 2. Nc3 d5 3. d4 Nc6 4. e3 g6 5. Bb5 Bd7 6. Ne5 Bg7 7. Qf3 O-O 8. a3
a6 9. Bd3 Re8 10. Nxd5 Bg4 11. Nxf6+ exf6 12. Nxg4 h5 13. Nxf6+ Bxf6 14. O-O
Rb8 15. Qg3 Bh4 16. Qf3 Qd6 17. Bc4 Re7 18. Bd2 Rbe8 19. Bc3 b5 20. Bd5 Nd8 21.
e4 c6 22. e5 Qxd5 23. Qf4 g5 24. Qf5 Qe6 25. Qxe6 Nxe6 26. g3 Bxg3 27. fxg3 h4
28. gxh4 gxh4 29. Kh1 Kh7 30. Rf6 Rg8 31. Raf1 c5 32. d5 Nd4 33. Bxd4 cxd4 34.
d6 Rxe5 35. Rxf7+ Kh8 36. R7f4 Rd5 37. Rxh4+ Kg7 38. Rg1+ Kf7 39. Rf4+ Ke6 40.
Rxg8 Kxd6 41. Rg6+ Kc5 42. Rxa6 d3 43. cxd3 Rxd3 44. Rf5+ Kc4 45. Rc6+ Kb3 46.
Rxb5+ Ka2 47. Rc2 Rd1+ 48. Kg2 Rc1 49. Rf2 Rf1 50. Kxf1 1-0

[Event "Tournoi Skype 018B"]
[Site "Skype"]
[Date "????.??.??"]
[Round "4.5"]
[White "De Nobrega, George"]
[Black "Torres, Vicky"]
[Result "1-0"]
[WhiteElo "1458"]
[BlackElo "1365"]
[PlyCount "73"]

1. e4 c5 2. Nf3 Nc6 3. d4 cxd4 4. Nxd4 a6 5. Nxc6 dxc6 6. Qxd8+ Kxd8 7. Bc4 b5
8. Bxf7 e5 9. O-O Nf6 10. Bg5 Kc7 11. Bxf6 gxf6 12. Nd2 Bh6 13. Nb3 Bb7 14.
Rad1 Kb6 15. Rd6 Rad8 16. Rxf6 Bg7 17. Rf3 c5 18. Re3 Rhf8 19. Bh5 c4 20. Nc1
Rd2 21. Re2 Rxe2 22. Bxe2 Bxe4 23. c3 Rd8 24. Rd1 Rf8 25. Rd7 Bh6 26. Rd6+ Ka5
27. Rxh6 Rg8 28. g3 Bd5 29. Rxh7 e4 30. Rh5 Bf7 31. Re5 Bg6 32. Bxc4 Rd8 33.
Nb3+ Ka4 34. Rd5 Re8 35. Be2 e3 36. Rd4+ b4 37. Rxb4# 1-0

[Event "Tournoi Skype 018B"]
[Site "Skype"]
[Date "????.??.??"]
[Round "4.6"]
[White "Martin, Jean-Claude"]
[Black "Marino, Giuseppe"]
[Result "1-0"]
[WhiteElo "1440"]
[BlackElo "1353"]
[PlyCount "85"]

1. d4 d5 2. c4 e6 3. Nc3 c6 4. Nf3 f5 5. Bf4 Be7 6. cxd5 exd5 7. e3 Nf6 8. Bd3
O-O 9. O-O Ne4 10. Bxe4 fxe4 11. Ne5 Nd7 12. Nxd7 Bxd7 13. h3 Bf5 14. a3 Bd6
15. Bxd6 Qxd6 16. Qh5 Rf6 17. f3 exf3 18. Rxf3 Raf8 19. Raf1 Bg6 20. Qe5 Qd8
21. Rxf6 Rxf6 22. Rxf6 gxf6 23. Qg3 f5 24. h4 h5 25. Qxg6+ Kf8 26. Qxf5+ Ke8
27. Qxh5+ Kd7 28. Qf5+ Kc7 29. Qf4+ Kc8 30. h5 Qg8 31. Qf5+ Kc7 32. g4 Qh8 33.
Qf7+ Kc8 34. g5 Qd8 35. Qf5+ Kc7 36. h6 Kb6 37. h7 Qh8 38. g6 Qg7 39. Qg5 Qh8
40. g7 Qxh7 41. g8=Q Qh3 42. Q8d8+ Ka6 43. b4 1-0

[Event "Tournoi Skype 018B"]
[Site "Skype"]
[Date "????.??.??"]
[Round "4.7"]
[White "Ruiz Gomez, Luz Alba"]
[Black "Mordaa, Ahmad"]
[Result "0-1"]
[WhiteElo "1333"]
[BlackElo "1440"]
[PlyCount "108"]

1. d4 Nf6 2. Bf4 d5 3. e3 Bf5 4. Nf3 e6 5. Bd3 Bxd3 6. Qxd3 c5 7. O-O c4 8. Qd1
Be7 9. c3 Nc6 10. Nbd2 O-O 11. b3 b5 12. a4 b4 13. Qc2 bxc3 14. Qxc3 Bb4 15.
Qc2 Bxd2 16. Nxd2 Nb4 17. Qd1 c3 18. Nf3 c2 19. Qd2 a5 20. Rfc1 Ne4 21. Qe2 Rc8
22. Ne1 Nc3 23. Qd2 Ne4 24. Qe2 Nc3 25. Qf1 Nb1 26. Nxc2 Nd2 27. Qd1 Nxb3 28.
Nxb4 Nxc1 29. Rxc1 axb4 30. Rb1 Qb6 31. Qg4 f5 32. Qg3 Qc6 33. h3 Ra8 34. Bh6
Rf7 35. Rxb4 e5 36. Kh2 Qxh6 37. Qxe5 Qc6 38. Rb5 Rfa7 39. Qxf5 Rxa4 40. Rxd5
Rf8 41. Rc5 Qd6+ 42. Re5 Rxf5 43. Kg3 Rxe5 44. dxe5 Qxe5+ 45. Kf3 Qf6+ 46. Ke2
Ra2+ 47. Kd3 Qxf2 48. Ke4 Re2 49. Kd5 Qxe3 50. Kd6 Rd2+ 51. Kc6 Qd3 52. Kc5
Rc2+ 53. Kb4 Qc4+ 54. Ka3 Ra2# 0-1

[Event "Tournoi Skype 018B"]
[Site "Skype"]
[Date "????.??.??"]
[Round "4.8"]
[White "Vincent, Andre"]
[Black "Ramirez Reina, Orlando"]
[Result "1/2-1/2"]
[WhiteElo "1326"]
[BlackElo "1410"]
[PlyCount "131"]

1. d4 Nf6 2. c4 c5 3. Nf3 e6 4. e3 d5 5. Nc3 b6 6. Be2 Bb7 7. O-O Be7 8. b3 O-O
9. Bb2 Nbd7 10. Rc1 a6 11. cxd5 exd5 12. Qc2 Rc8 13. Rfd1 b5 14. Bd3 b4 15. Ne2
cxd4 16. Qd2 dxe3 17. Qxe3 Bc5 18. Ned4 Re8 19. Qd2 Ne4 20. Bxe4 dxe4 21. Ne1
Qb6 22. Nec2 a5 23. Nf5 Nf6 24. Nce3 Red8 25. Qe1 g6 26. Ng3 Rd3 27. Nc4 Bxf2+
28. Qxf2 Qxf2+ 29. Kxf2 Ng4+ 30. Kg1 Rxc4 31. bxc4 f5 32. Rxd3 exd3 33. Nf1 Kf7
34. c5 Bc6 35. h3 Nf6 36. Bxf6 Kxf6 37. Nd2 a4 38. Rc4 b3 39. axb3 axb3 40. Rc3
b2 41. Rxd3 Be4 42. Rb3 b1=Q+ 43. Nxb1 Ke5 44. Nd2 Bc6 45. Rd3 g5 46. Kf2 h5
47. g3 g4 48. h4 f4 49. gxf4+ Kxf4 50. Kg1 g3 51. Nf1 Ke4 52. Rd6 Bb5 53. c6
Ke5 54. c7 Kxd6 55. c8=Q Bxf1 56. Kxf1 Ke5 57. Qh8+ Kf4 58. Qxh5 Ke3 59. Qg4
g2+ 60. Kxg2 Kd3 61. Kf2 Kd2 62. Qf3 Kc2 63. Ke2 Kc1 64. Qc3+ Kb1 65. Kd3 Ka2
66. Kc2 1/2-1/2

[Event "Tournoi Skype 018B"]
[Site "Skype"]
[Date "????.??.??"]
[Round "4.9"]
[White "Dubois, Real"]
[Black "Battaglia, Gabriele"]
[Result "1/2-1/2"]
[WhiteElo "1409"]
[BlackElo "1326"]
[PlyCount "115"]

1. d4 d5 2. Nf3 Nf6 3. g3 e6 4. Bg2 Bb4+ 5. c3 Ba5 6. O-O O-O 7. Ne5 Nbd7 8.
Nd3 Bb6 9. b4 a5 10. b5 c5 11. bxc6 bxc6 12. e3 Ba6 13. Ba3 Re8 14. Re1 Rc8 15.
Nf4 c5 16. dxc5 Nxc5 17. Bxc5 Bxc5 18. Nd3 Bd6 19. Bf1 Qb6 20. Qc2 Ne4 21. Rc1
Rc7 22. Ne1 Bxf1 23. Kxf1 Qb5+ 24. Kg2 Rec8 25. Qb3 Nxc3 26. Nxc3 Qc4 27. Qxc4
Rxc4 28. Ne2 Ba3 29. Rxc4 Rxc4 30. Rb1 g6 31. Nd4 Rc1 32. Rxc1 Bxc1 33. Nb3 Bb2
34. Nxa5 Bc3 35. Nc6 Bxe1 36. a4 Bc3 37. a5 Bxa5 38. Nxa5 f5 39. Kf3 Kf7 40. h4
h5 41. Nb7 Kf6 42. Nc5 e5 43. Nd7+ Ke6 44. Nf8+ Kf7 45. Nh7 Kg7 46. Ng5 Kf6 47.
e4 dxe4+ 48. Nxe4+ fxe4+ 49. Kxe4 Ke6 50. f3 Kf6 51. g4 hxg4 52. fxg4 Ke6 53.
h5 gxh5 54. gxh5 Kf6 55. Kf3 Kg5 56. h6 Kxh6 57. Ke4 Kg6 58. Kxe5 1/2-1/2

[Event "Tournoi Skype 018B"]
[Site "Skype"]
[Date "????.??.??"]
[Round "4.10"]
[White "Farfallini, Michel"]
[Black "Kruzeniski, Randy"]
[Result "1/2-1/2"]
[WhiteElo "1323"]
[BlackElo "1409"]
[PlyCount "61"]

1. e4 c5 2. Nf3 d6 3. d4 cxd4 4. Qxd4 Nc6 5. Qa4 Bd7 6. Bb5 a6 7. Bc4 b5 8.
Bxf7+ Kxf7 9. Ng5+ Ke8 10. Qb3 Nh6 11. O-O Ne5 12. f4 Nef7 13. e5 e6 14. Nc3
Qe7 15. Nce4 d5 16. Nxf7 Nxf7 17. Ng5 h6 18. Nf3 g6 19. Bd2 a5 20. Qd3 Rg8 21.
Nd4 b4 22. Nb5 Qc5+ 23. Nd4 Bb5 24. Qxb5+ Qxb5 25. Nxb5 Bc5+ 26. Kh1 Rc8 27. c3
bxc3 28. bxc3 a4 29. Rab1 Ke7 30. Nd4 Rc7 31. Rb5 1/2-1/2

[Event "Tournoi Skype 018B"]
[Site "Skype"]
[Date "????.??.??"]
[Round "4.11"]
[White "Perrone, Gabriel Lorenzo"]
[Black "Lemoine, Gerard"]
[Result "1-0"]
[WhiteElo "1390"]
[BlackElo "1323"]
[PlyCount "95"]

1. d4 d5 2. Bg5 Nf6 3. Bxf6 gxf6 4. Nf3 e6 5. a3 a5 6. c4 Bd7 7. Nc3 c6 8. e3
Bg7 9. Bd3 f5 10. Qb3 Qc7 11. O-O O-O 12. Rac1 Be8 13. cxd5 Nd7 14. dxe6 Qb6
15. Qxb6 Nxb6 16. Bxf5 Nc4 17. e7 Nxb2 18. exf8=Q+ Bxf8 19. Rb1 Bxa3 20. d5 Rd8
21. dxc6 Bxc6 22. Nd5 Bxd5 23. Ra1 Bb4 24. Ne5 f6 25. Rfb1 Na4 26. Nd3 Nc3 27.
Rb2 Bc4 28. Rd2 Nd5 29. Rc2 Nb6 30. Rxc4 Nxc4 31. Be6+ Kg7 32. Bxc4 Kh6 33. g3
Rd6 34. Nxb4 axb4 35. Rb1 Rb6 36. Kg2 Kg7 37. Rb3 Kf8 38. Kf3 Ke7 39. Rd3 f5
40. Kf4 Rc6 41. Bb3 Rc3 42. Rxc3 bxc3 43. Kxf5 Kd6 44. Ke4 Kc5 45. Kd3 Kb4 46.
Kc2 h6 47. f4 h5 48. f5 1-0

[Event "Tournoi Skype 018B"]
[Site "Skype"]
[Date "????.??.??"]
[Round "4.12"]
[White "Porcabeuf, Jean-Marc"]
[Black "Milanese, Serge"]
[Result "1-0"]
[WhiteElo "1380"]
[BlackElo "1317"]
[PlyCount "43"]

1. d4 Nf6 2. c4 e6 3. Nf3 d5 4. e3 c6 5. Be2 Bb4+ 6. Bd2 Bxd2+ 7. Nbxd2 Qa5 8.
O-O Nbd7 9. cxd5 Qxd5 10. Bd3 O-O 11. Re1 Ng4 12. e4 Qd6 13. h3 Ngf6 14. Bc2 e5
15. Nc4 Qe7 16. dxe5 Nxe5 17. Ncxe5 Nd7 18. Nc4 f6 19. e5 fxe5 20. Ncxe5 Qf6
21. Ng4 Qg6 22. Bxg6 1-0